Geopolíticas del espíritu: Ontologías pentecostales y golpe de Estado en Honduras /
En este artículo se analiza la relación entre las ontologías pentecostales y el golpe de Estado en Honduras, centrándose en el periodo de 1949 a 1968. Se explora cómo las creencias y prácticas pentecostales han influido en la geopolítica y en la configuración social y política del país, especialment...
Guardat en:
| Autor principal: | |
|---|---|
| Format: | Llibre |
| Idioma: | Spanish |
| Etiquetes: |
Afegir etiqueta
Sense etiquetes, Sigues el primer a etiquetar aquest registre!
|
MARC
| LEADER | 00000nam a22000007a 4500 | ||
|---|---|---|---|
| 003 | cru IIS | ||
| 005 | 20230517133331.0 | ||
| 007 | ta | ||
| 008 | 220816t2019 cr |||p|r|||| 00| 0 spa d | ||
| 040 | |c cru IIS | ||
| 100 | 1 | |9 10685 |a Girard, William |e Autor | |
| 245 | 1 | |a Geopolíticas del espíritu: Ontologías pentecostales y golpe de Estado en Honduras / |c William Girard | |
| 300 | |a páginas 49-68 : |b ilustración | ||
| 500 | |a Colección Centroamérica | ||
| 520 | |a En este artículo se analiza la relación entre las ontologías pentecostales y el golpe de Estado en Honduras, centrándose en el periodo de 1949 a 1968. Se explora cómo las creencias y prácticas pentecostales han influido en la geopolítica y en la configuración social y política del país, especialmente durante ese periodo de tiempo. Se examina el papel de las iglesias pentecostales en la construcción de identidades, discursos y movimientos políticos en Honduras. RAR | ||
| 773 | 0 | |0 18765 |9 7630 |a Universidad de Costa Rica. |d San José, Costa Rica: Editorial Universidad de Costa Rica, 1974- |o 23639 |t Anuario de Estudios Centroamericanos / |x 03777316 | |
| 942 | |2 ddc |c PP | ||
| 999 | |c 44497 |d 44497 | ||
